Statistics for IZ*ONE Songs

Click here to take the quiz!

General Stats

  • This quiz has been taken 352 times
    (350 since last reset)
  • The average score is 22 of 39

Answer Stats

Answer% Correct
La Vie en Rose (라비앙로즈)
95%
FIESTA
94%
Secret Story of the Swan (환상동화)
94%
Panorama
93%
Violeta (비올레타)
91%
D-D-Dance
72%
Colors (아름다운 색)
68%
AYAYAYA
66%
SPACESHIP
62%
Airplane
61%
EYES
61%
Sequence
57%
O Sole Mio
56%
PINK BLUSHER
56%
OPEN YOUR EYES
55%
Slow Journey (느린여행)
55%
Merry-Go-Round (회전목마)
54%
Pretty
54%
O' My!
53%
DREAMLIKE
52%
Highlight
52%
Mise-en-Scène
52%
Rococo
50%
With*One
50%
Up (하늘 위로)
49%
SO CURIOUS
48%
SOMEDAY (언젠가 우리의 밤도 지나가겠죠)
48%
Welcome
48%
DAYDREAM
47%
Hey. Bae. Like it. (해바라기)
47%
Memory (비밀의 시간)
47%
Yume wo Miteiru Aida (As We Dream / 꿈을 꾸는 동안)
45%
DESTINY (우연이 아니야)
43%
YOU & I
43%
Island
42%
Gokigen Sayonara (기분 좋은 안녕)
41%
Really Like You
40%
We Together (앞으로 잘 부탁해)
40%
Neko ni Naritai (고양이가 되고 싶어)
36%

Score Distribution

Percentile by Number Answered

Percent of People with Each Score

Your Score History

You have not taken this quiz since the last reset